000 01033nam a2200277Ia 4500
003 OSt
005 20221005111551.0
006 a|||||r|||| 00| 0
007 ta
008 221004b |||||||| |||| 00| 0 urd d
020 _a8126005017
024 _a29279
037 _cTextual
040 _aCRL
_cCRL
_burd
041 _2urd
_aurd
082 _aO168,3M80:g, 152N9
100 _aसुरैया हुसैन
245 0 _aसज्जाद हैदर यिल्दिरिम, अनु0 शिवकिशोर त्रिवेदी
246 _aSajjād haidar yildirima, anu shivakishor trivedī
260 _aनई दिल्ली
_bसाहित्य अकादेमी भारत
_c1999
300 _a73पृ0
_ccm.
490 _aभारतीय साहित्य निर्माता
650 _aउर्दू साहित्य
942 _hO168,3M80:g, 152N9
_cTEXL
_2cc
999 _c1022189
_d1022189